Normal view
MARC view
- Aston, James
Entry Personal Name
001 - CONTROL NUMBER
- control field: 45505
003 - CONTROL NUMBER IDENTIFIER
- control field: NUST
005 - DATE AND TIME OF LATEST TRANSACTION
- control field: 20210314133256.0
008 - FIXED-LENGTH DATA ELEMENTS
- fixed length control field: 210314|| aca||aabn | a|a d
040 ## - CATALOGING SOURCE
- Original cataloging agency: NUST
- Transcribing agency: NUST
100 ## - HEADING--PERSONAL NAME
- Personal name: Aston, James
670 ## - SOURCE DATA FOUND
- Source citation: Work cat.: (NUST): Johnson, J. B. 42984, Johnson's Materials of construction,, [1939]
